000 00559nam a22001577a 4500
008 151009b xxu||||| |||| 00| 0 eng d
020 _a9780073135649 (pbk. : student ed. : alk. paper)
020 _a007313564X (pbk. : student ed. : alk. paper)
020 _a9780073216331 (pbk. : annotated instructor's ed. : alk. paper)
020 _a007321633X (pbk. : annotated instructor's ed. : alk. paper)
020 _a007321650X (compact discs)
041 0 _aeng
080 _a001.8
245 1 4 _aThe art of public speaking /
_cStephen E. Lucas.
942 _2udc
_cBK
999 _c1239
_d1239